00521cam a22002171 4500001001300000003000400013005001700017008004100034010001700075035002000092040001800112042001200130050001900142100002500161245004500186260001100231300001900242500001400261500001100275999001700286sa 63003242 DLC20260227111940.0890510s1962 ii 000 0 hino  asa 63003242  a(OCoLC)19688759 aDLCcWaUdDLC apremarc00aPK2098.B22bC31 aBaccana,d1907-2003.10aCāra kheme cauṃsaṭha khūn̐ṭe. c[1962] a201 p.c19 cm. aIn Hindi. aPoems. c54977d54977